000 00820nai a2200205Ia 4500
003 IN-BaIIA
008 211028c9999 xx s 000 0 eng d
022 _a0018-9421 (Print)
022 _a2375-0502 (Online)
040 _cIIA Library
245 0 _aIEEE Transactions on Industrial Electronics and Control Instrumentation
_h[eJournal]
260 _aNew York, USA
_bThe Institute of Electrical and Electronics Engineers, Inc. (IEEE)
310 _aQuarterly
362 _aIECI-11(1); 1964 - IECI-28(4); 1981
521 _bSubscribed through National Knowledge Resource Consortium (NKRC)
650 _a Components, Circuits, Devices and Systems
650 _aPower, Energy and Industry Applications
856 _uhttps://ieeexplore.ieee.org/servlet/opac?punumber=11166
_yClick Here to Access eJournal
942 _cEJ
999 _c34683
_d34683